000 00397nam a22001457a 4500
003 OSt
005 20160727222352.0
008 160622b xxu||||| |||| 00| 0 eng d
040 _cTest
100 _9431
_aPai, A
245 _aA Tinkle Collection
_bOriginal Prize Winning Stories
260 _aIndia Book House
_c1986
300 _aA Tinkle Collection: Original Prize Winning Stories
942 _2ddc
_cBK
999 _c354
_d354